| 000 | 00639nam a2200229 u 4500 | ||
|---|---|---|---|
| 005 | 20240924071231.0 | ||
| 008 | 080519s2002 mx r 000 0 spa d | ||
| 020 | _a9681665732 | ||
| 035 | _aUPN01000155938 | ||
| 049 | _aI | ||
| 050 | 4 |
_aPZ71 _bI8.3 |
|
| 100 | 1 |
_aIsol, _d1972- |
|
| 245 | 1 | 3 |
_aEl globo / _cIsol. |
| 260 |
_aMéxico : _bFCE, _c2002. |
||
| 300 |
_a[24] p. _bprincipalmente il. col. |
||
| 440 | 4 | _aLos especiales de A la orilla del viento | |
| 650 | 4 |
_aLiteratura infantil _94445 |
|
| 650 | 0 |
_aRelación padres-hijos _91359 |
|
| 650 | 4 |
_aLibros y lectura para niños _92290 |
|
| 905 | _aInfantil | ||
| 999 |
_c128052 _d128052 |
||